000 01372nam0a22002411 4500
001 rc\745745
005 20260407042804.0
035 _a(NLR Aleph) 006324788
090 _a7484183
_c7484183
100 _a20040301d1985 |||y0rusy50 ca
101 0 _arus
102 _aRU
105 _ay |||||||||
200 1 _aУказатель государственных стандартов СССР и международных стандартов СЭВ и ИСО по Министерству строительного, дорожного и коммунального машиностроения
_eПо состоянию на 01.05.85
_fМоск. науч.-произв. об-ние по строит. и дор. машиностроению
210 _aМ.
_cМоск. НПО по строит. и дор. машиностроению
_cВНИИ строит. и дор. машиностроения
_d1985
215 _a89 с.
_d20
712 0 2 _aМосковское науч.-произв. об-ние по строит. и дорожному машиностроению
_3RU\NLR\AUTH\8810015100
_9528070
712 0 1 _aСССР
_bМ-во строительного, дорожного и коммунального машиностроения
801 0 _aRU
_bNLR
_gpsbo
801 1 _aRU
_bELAR
_2rusmarc
852 _aNLR
_bПт
_j10.1/858-1985
942 _cBOOK
980 _aNB